| 000 | 00706nam a2200229 a 4500 | ||
|---|---|---|---|
| 003 | DO-SdBNP | ||
| 005 | 20221101092348.0 | ||
| 007 | ta | ||
| 008 | 150409s2022 dr a r 001 0 spa dd | ||
| 020 | _a9789945625141 | ||
| 040 |
_aDO-SdBNP _bspa _cBNPHU |
||
| 082 |
_axxx _bH557m _222 |
||
| 100 | 1 |
_aHernández, Providencia _973532 |
|
| 245 | 1 | 0 |
_aManual de prácticas de laboratorio de biología general / _cProvidencia Hernández |
| 246 | _aEscuela de ciencias de la salud y psicología , carrera de enfermeria | ||
| 260 |
_aSanto Domingo : _bUAPA, _c2022 |
||
| 300 |
_a89 p. : _bil. ; _c28 cm. |
||
| 490 | _aSerie UAPA ; 2 | ||
| 590 | _aInventariado, 2022/ DG | ||
| 910 | _aDG | ||
| 942 |
_2ddc _cLBS1 |
||
| 999 |
_c52693 _d52693 |
||